000 03043nam a2200565Ia 4500
001 2283
008 241029s9999 xx 000 0 und d
010 _a2143
041 _aEspañol
082 _aTS-00463
245 0 _aLos Medios Tecnológicos y su Influencia en el Proceso Enseñanza-Aprendizaje en Centros Escolares del Nivel Medio del Distrito Educativo 02-02 de Pedro Santana, Año 2002-2007
260 _aSan Juan
300 _a127
520 _a17
630 _aEnseñanza-Aprendizaje
630 _aMedios Tecnológicos
630 _aProceso de Enseñanza-Aprendizaje
650 _aEnseñanza
690 _aSintetizado
700 _easesor
_aPaulino , Laura
700 _eautor
_aContreras, Máximo
700 _eautor
_aUrbáez Contreras, Jesús
700 _easesor
_aZabala Moreta , Rubén Guillermo
901 _a{"1":"Contreras","2":"Urbáez Contreras"}
_b{"1":"Máximo","2":"Jesús"}
902 _a2
903 _a{"1":"Zabala Moreta ","2":"Paulino "}
_b{"1":"Rubén Guillermo ","2":" Laura "}
904 _aMaestría en
905 _aGestión de Centros Educativos
906 _a2
907 _aNO APLICA
908 _aNO APLICA
909 _aISFODOSU, Recinto Urania Montás
910 _aNULL
_bNULL
911 _a["1"]
912 _aNO APLICA
913 _aNULL
914 _a01 de Febrero de 2008
915 _aNULL
916 _aNULL
917 _aNULL
918 _aNO APLICA
919 _a["89","297","163"]
520 _aEl presente estudio, trató sobre los Medios Tecnológicos y su Influencia en el Proceso Enseñanza-Aprendizaje en los Centros Escolares del Nivel Medio del Distrito Educativo 02-02 de Pedro Santana y Bánica. La investigación, fue de tipo analítica-descriptiva. Los resultados, ponen de manifiesto, que los alumnos no dominan los medios tecnológicos.De igual manera, se pudo comprobar las deficiencias de los laboratorios en relación a equipos informáticos no adecuados. Así mismo, los profesores que imparten el área de informática no poseen la formación para desempañar esas funciones; por lo que sus conocimientos no son suficientes para impartir la docencia con la metodología adecuada, tal como lo requiere el currículo con relación al área de tecnología, la falta de capacitación y la carencia de la implementación tecnológica en laboratorio donde se puede llevar a la práctica la teoría impartida. Así mismo, mediante el estudio, se determinó que los estudiantes egresados de los centros escolares del Nivel Medio del Distrito Educativo 02-02 de Pedro Santana, están en desventaja en el uso y manejo de medios tecnológicos al socializar sus conocimientos con estudiantes de otros Distritos Educativos. Los padres/madres de los estudiantes en su gran mayoría, son de escasos recursos económicos, lo que impide brindarles apoyo a sus hijos para que asistan a los CTC de Bánica y Pedro Santana.
921 _a24
922 _a24
923 _a0
924 _aNO APLICA
942 _cTesis
999 _c2143
_d2143